Interior detail. (Record no. 3216)
[ view plain ]
| 000 -LEADER | |
|---|---|
| fixed length control field | 01339nac a22004091i 4500 |
| 003 - CONTROL NUMBER IDENTIFIER | |
| control field | EG-ScBUE |
| 005 - DATE AND TIME OF LATEST TRANSACTION | |
| control field | 20230117140216.0 |
| 008 - FIXED-LENGTH DATA ELEMENTS--GENERAL INFORMATION | |
| fixed length control field | 230117q2004 ko ac f 000 0 eng d |
| 020 ## - INTERNATIONAL STANDARD BOOK NUMBER | |
| International Standard Book Number | 8957700110 |
| 020 ## - INTERNATIONAL STANDARD BOOK NUMBER | |
| International Standard Book Number | 9788957700112 (v. 1,2) |
| 020 ## - INTERNATIONAL STANDARD BOOK NUMBER | |
| International Standard Book Number | 8957700129 (v.1) |
| 020 ## - INTERNATIONAL STANDARD BOOK NUMBER | |
| International Standard Book Number | 8957700137 (v.2) |
| 020 ## - INTERNATIONAL STANDARD BOOK NUMBER | |
| International Standard Book Number | 8957700242 (v.3) |
| 020 ## - INTERNATIONAL STANDARD BOOK NUMBER | |
| International Standard Book Number | 9788957700242 (v.3) |
| 020 ## - INTERNATIONAL STANDARD BOOK NUMBER | |
| International Standard Book Number | 8957700293 (v.6) |
| 020 ## - INTERNATIONAL STANDARD BOOK NUMBER | |
| International Standard Book Number | 9788957700297 (v.6) |
| 020 ## - INTERNATIONAL STANDARD BOOK NUMBER | |
| International Standard Book Number | 8957700633 (v.10) |
| 020 ## - INTERNATIONAL STANDARD BOOK NUMBER | |
| International Standard Book Number | 9788957700631 (v.10) |
| 020 ## - INTERNATIONAL STANDARD BOOK NUMBER | |
| International Standard Book Number | 8957700315 (v.8) |
| 020 ## - INTERNATIONAL STANDARD BOOK NUMBER | |
| International Standard Book Number | 9788957700310 (v.8) |
| 040 ## - CATALOGING SOURCE | |
| Original cataloging agency | EG-ScBUE |
| Language of cataloging | eng |
| Description conventions | rda |
| Transcribing agency | EG-ScBUE |
| Modifying agency | EG-ScBUE |
| 041 0# - LANGUAGE CODE | |
| Language code of text/sound track or separate title | eng |
| -- | kor |
| 082 04 - DEWEY DECIMAL CLASSIFICATION NUMBER | |
| Classification number | 747.08 |
| Item number | INT |
| Edition number | 22 |
| 245 00 - TITLE STATEMENT | |
| Title | Interior detail. |
| 264 #1 - PUBLICATION, DISTRIBUTION, ETC. (IMPRINT) | |
| Place of publication, distribution, etc | Seoul, Korea : |
| Name of publisher, distributor, etc | Archiworld Co., |
| Date of publication, distribution, etc | [2004?] |
| 300 ## - PHYSICAL DESCRIPTION | |
| Extent | 10 volumes : |
| Other physical details | color illustrations, portriats ; |
| Dimensions | 31 cm |
| 336 ## - CONTENT TYPE | |
| Source | rdacontent |
| Content type term | text |
| Content type code | txt |
| 337 ## - MEDIA TYPE | |
| Source | rdamedia |
| Media type term | unmediated |
| Media type code | n |
| 338 ## - CARRIER TYPE | |
| Source | rdacarrier |
| Carrier type term | volume |
| Carrier type code | nc |
| 505 2# - FORMATTED CONTENTS NOTE | |
| Formatted contents note | Volume 1. Residence -- Volume 2. Commerce -- Volume 3. Office -- Volume 6. Education. Culture -- Volume 8. Accommodation. Restaurant -- Volume 10. Commerce. |
| 546 ## - LANGUAGE NOTE | |
| Language note | Text in Korean and English. |
| 650 #7 - SUBJECT ADDED ENTRY--TOPICAL TERM | |
| Topical term or geographic name as entry element | Interior decoration. |
| Source of heading or term | BUEsh |
| 650 #7 - SUBJECT ADDED ENTRY--TOPICAL TERM | |
| Topical term or geographic name as entry element | Interior architecture. |
| Source of heading or term | BUEsh |
| 653 ## - INDEX TERM--UNCONTROLLED | |
| Resource For college | Engineering, Architecture |
| 655 ## - INDEX TERM--GENRE/FORM | |
| Form subdivision | Reading book |
| 942 ## - ADDED ENTRY ELEMENTS (KOHA) | |
| Koha item type | Book - Borrowing |
| Source of classification or shelving scheme | Dewey Decimal Classification |
| Withdrawn status | Lost status | Source of classification or shelving scheme | Damaged status | Not for loan | Collection code | Home library | Current library | Shelving location | Date acquired | Source of acquisition | Total Checkouts | Total Renewals | Full call number | Barcode | Date last seen | Date checked out | Price effective from | Koha item type | Public note |
|---|---|---|---|---|---|---|---|---|---|---|---|---|---|---|---|---|---|---|---|
| Dewey Decimal Classification | Alahram | Central Library | Central Library | Second Floor | 04/04/2007 | Purchase | 6 | 2 | 747.08 INT | 000001440 | 15/07/2025 | 12/03/2017 | 19/03/2007 | Book - Borrowing | vol. 2 | ||||
| Dewey Decimal Classification | Alahram | Central Library | Central Library | Second Floor | 04/04/2007 | Purchase | 7 | 4 | 747.08 INT | 000001449 | 15/07/2025 | 12/03/2017 | 21/03/2007 | Book - Borrowing | vol. 10 | ||||
| Dewey Decimal Classification | Alahram | Central Library | Central Library | Second Floor | 04/04/2007 | Purchase | 2 | 5 | 747.08 INT | 000001462 | 15/07/2025 | 27/03/2012 | 25/03/2007 | Book - Borrowing | vol. 3 | ||||
| Dewey Decimal Classification | Alahram | Central Library | Central Library | Second Floor | 04/04/2007 | Purchase | 5 | 2 | 747.08 INT | 000001433 | 15/07/2025 | 08/11/2021 | 25/03/2007 | Book - Borrowing | vol. 8 | ||||
| Dewey Decimal Classification | Alahram | Central Library | Central Library | Second Floor | 04/04/2007 | Purchase | 3 | 18 | 747.08 INT | 000001464 | 15/07/2025 | 05/10/2011 | 25/03/2007 | Book - Borrowing | vol. 6 | ||||
| Dewey Decimal Classification | Alahram | Central Library | Central Library | Second Floor | 04/04/2007 | Purchase | 8 | 9 | 747.08 INT | 000001015 | 15/07/2025 | 12/03/2022 | 28/03/2007 | Book - Borrowing | vol. 1 |